Trendy světové ekonomiky do roku 2010.
Úryvky zo "Správy o dlhodobom vývoji svetovej ekonomiky", ktorú vypracovalo Fórum OECD. Hodnotenie vyhliadok hlavných ekonomických oblastí sveta: svet, Európa, severná Amerika, ázijsko-tichomorský región (ATR), Latinská Amerika, Afrika.
Salvato in:
| Natura: | Capitolo di libro |
|---|---|
| Lingua: | ceco |
| Soggetti: | |
| Tags: |
Nessun Tag, puoi essere il primo ad aggiungerne!!
|
MARC
| LEADER | 00000naa a2200000 4500 | ||
|---|---|---|---|
| 001 | r013711 | ||
| 005 | 20221213083315.5 | ||
| 041 | 0 | |a cze | |
| 044 | |a CZ | ||
| 245 | 1 | 0 | |a Trendy světové ekonomiky do roku 2010. |
| 520 | |a Úryvky zo "Správy o dlhodobom vývoji svetovej ekonomiky", ktorú vypracovalo Fórum OECD. Hodnotenie vyhliadok hlavných ekonomických oblastí sveta: svet, Európa, severná Amerika, ázijsko-tichomorský región (ATR), Latinská Amerika, Afrika. | ||
| 610 | 2 | 0 | |a prognózy hospodárske |
| 610 | 2 | 0 | |a hospodárstvo svetové |
| 610 | 2 | 0 | |a vývoj hospodársky |
| 610 | 2 | 0 | |a svet |